000 00658nam a2200265Ia 4500
005 20260121165825.0
008 008 260114s9999 xx 000 0 eng d
020 _a9789811019142
037 _aEBOOK
040 _aCRL
040 _beng
040 _cCRL
041 _2eng
041 _aeng
084 _qCRL
100 _aCecilia Tortajada
_91056475
245 0 _aIncreasing Resilience to Climate Variability and Change
260 _bSpringer
260 _bSpringer
260 _c2016
856 _uhttps://link.springer.com/openurl?genre=book&isbn=978-981-10-1914-2
942 _cEBOOK
999 _c1622203
_d1622203